Statistics for Grey things image quiz

Click here to take the quiz!

General Stats

  • This quiz has been taken 32 times
  • The average score is 11 of 16

Answer Stats

Answer% Correct
Rhino
100%
Elephant
100%
Donkey
100%
Dolphin
97%
Moon
97%
Koala
94%
Gray Squirrel
94%
Parrot
81%
Alien
81%
Earl Grey
81%
Grey matter
68%
Gray Whale
45%
Slate
45%
Grey Crowned Crane
35%
Gallium crystals
10%
Grey Delisle
6%

Score Distribution

Percentile by Number Answered

Percent of People with Each Score

Your Score History

You have not taken this quiz